عرض عادي
عرض مارك
- الشخصية
مدخل مصطلح موضوعي
001 - رقم الضبط
- حقل الضبط: 95699
003 - معرف رقم الضبط
- حقل الضبط: OSt
005 - تاريخ ووقت أخر عملية
- حقل الضبط: 20220727171514.0
008 - عناصر بيانات ثابتة الطول
- حقل تحكم ثابت الطول: 220727|| aca||aabn | a|a d
040 ## - مصدر الفهرسة
- هيئة الفهرسة الأصلية: OSt
- وكالة الكتابة: OSt
150 ## - مدخل-- مصطلح تاريخي
- عنصر مدخل المصطلح الموضوعي او الاسم الجغرافي: الشخصية
670 ## - بيانات المصدر موجوده
- الاستشهاد بالمصدر: Work cat.: (OSt)81131: السالم، سنا صقر مؤلف. 95686, حياتك قرارك :
